01334pam a2200325Ia 4500001001100000003000800011006001900019007001500038008004100053010001700094020002800111040002100139035002000160050002500180082002300205100003000228245006900258260005300327300002500380504006600405533015200471600005300623650003800676650006500714650002600779650003200805655002900837710001700866856012500883ebr5002691CaPaEBRm u cr cn|||||||||991217s2000 nbua sb s001 0beng d z 99085995  z0803217153 (alk. paper) aCaPaEBRcCaPaEBR a(OCoLC)7076519514aF592.C33bD86 2000eb04a978/.02/092aB2211 aDunlay, Thomas W.,d1944-10aKit Carson and the Indiansh[electronic resource] /cTom Dunlay. aLincoln :bUniversity of Nebraska Press,cc2000. axx, 525 p. :bill.,. aIncludes bibliographical references (p. [461]-507) and index. aElectronic reproduction.bPalo Alto, Calif. :cebrary,d2013.nAvailable via World Wide Web.nAccess may be limited to ebrary affiliated libraries.10aCarson, Kit,d1809-1868xRelations with Indians. 0aPioneerszWest (U.S.)vBiography. 0aScouts (Youth organization members)zWest (U.S.)vBiography. 0aNavajo IndiansxWars. 0aNavajo IndiansxRelocation. 7aElectronic books.2local2 aebrary, Inc.40uhttp://site.ebrary.com/lib/rucke/Doc?id=5002691zAn electronic book accessible through the World Wide Web; click to view